MARC

LEADER 00000nam0a2200000 4500
001 355052
005 20231102010744.0
035 |a (RuTPU)RU\TPU\retro\12311 
090 |a 355052 
100 |a 20200630d1981 km y0rusy50 ca 
101 0 |a rus 
102 |a UA 
105 |a a z 001zy 
200 1 |a Системный подход к проектированию станков и роботов  |f В. В. Глушко 
210 |a Киев  |c Техника  |d 1981 
215 |a 135 с.  |c ил. 
320 |a Библиогр.: с. 135 
606 1 |a Металлорежущие станки-роботы  |2 stltpush  |9 85144 
610 1 |a проектирование 
610 1 |a системный подход 
610 1 |a системный анализ 
610 1 |a структура 
610 1 |a автоматическое управление 
610 1 |a исполнительные механизмы 
610 1 |a САУ 
610 1 |a расчеты 
675 |a 621.9.06-52  |v 4 
700 1 |a Глушко  |b В. В.  |g Владимир Васильевич 
801 1 |a RU  |b 63413507  |c 20200630 
801 2 |a RU  |b 63413507  |c 20211018  |g RCR 
942 |c BK